| 000 | 00399nam a2200145 a 4500 | ||
|---|---|---|---|
| 001 | 000033419 | ||
| 005 | 20200930070238.0 | ||
| 008 | 110829s1927 dr 000 0 spa d | ||
| 040 |
_aDO-SdBNP _bspa _cBNPHU |
||
| 082 |
_axxx _bB837 |
||
| 100 | 1 |
_aBrenes, Rafael Andrés _958979 |
|
| 245 | 1 | 0 |
_aSombras / _cRafael Andrés Brenes. |
| 260 |
_aSanto Domingo : _bLa Voz, _c1927. |
||
| 300 |
_a[46p.] ; _c17 cm. |
||
| 999 |
_c32910 _d32910 |
||